| 000 | 01197nam a2200325 a 4500 | ||
|---|---|---|---|
| 001 | 000109550 | ||
| 003 | CHAP | ||
| 005 | 20220329144054.0 | ||
| 008 | 140508s2014 mx sm |||||||spa d | ||
| 010 | _a106012 | ||
| 011 | _a106984 | ||
| 040 | _cCHAP | ||
| 090 | _aTesis | ||
| 100 | 1 |
_aPiña Arellano, Yari Rosalba _9126799 |
|
| 245 | 1 | 0 |
_aPerspectivas de la producción y de los productores de maíz, en el municipio de Villanueva, Zacatecas _h[En línea] _cpor Yari Rosalba Piña Arellano. |
| 260 |
_aZacatecas, Zac. : _bEl autor, _c2014. |
||
| 500 | _aPara ver el contenido del material haga clic en la liga | ||
| 502 | _aTesis (M. C. en Desarrollo Rural Regional) -- UACH. Dirección de Centros Regionales Universitarios | ||
| 590 |
_aBATCH-UPD _b05 _c20141002 _lUCH01 _h0903 |
||
| 590 |
_aE6096MTM _b05 _c20140508 _lUCH01 _h1442 |
||
| 590 |
_aE6096MTM _b05 _c20140508 _lUCH01 _h1443 |
||
| 650 | 1 | 4 |
_aCampesinado _xZacatecas. _918050 |
| 650 | 1 | 4 |
_aMaíz _xProducción. _971041 |
| 650 | 1 | 4 |
_aMaíz _xRendimiento. _971051 |
| 650 | 1 | 4 |
_aMaíz _zZacatecas. _971104 |
| 856 |
_aFinding aid _uhttp://10.13.5.2/tesis/sist109550.pdf _zTeclea aquí |
||
| 901 | _aBK | ||
| 942 | _cTESIS | ||
| 942 | _n0 | ||
| 999 |
_c106012 _d106012 |
||